[Event "SC Steinfurt 1 - SK Münster 3"]
[Site "Regionalliga 2015/2016"]
[Date "2015.11.14"]
[Round "3.1"]
[White "Wieder, Heiner"]
[Black "Winnemöller, Bernd"]
[Result "1/2-1/2"]
[WhiteElo "2080"]
[BlackElo "1983"]
[PlyCount "97"]
[EventDate "2015.??.??"]
[SourceDate "2015.09.11"]

1. e4 e5 2. Nf3 Nc6 3. Bb5 Bc5 4. c3 Qf6 5. O-O h6 6. d4 Bd6 7. Nbd2 a6 8. Bxc6
dxc6 9. dxe5 Bxe5 10. Nc4 Bf4 11. e5 Qf5 12. Nd4 Qg5 13. Bxf4 Qxf4 14. g3 Qg4
15. e6 Qxd1 16. Raxd1 Bxe6 17. Nxe6 fxe6 18. Rfe1 Nf6 19. Rxe6+ Kf7 20. Re2
Rhe8 21. Ne5+ Kg8 22. f4 Rad8 23. Red2 Rxd2 24. Rxd2 g5 25. Kg2 Kf8 26. Kf3 Ke7
27. Re2 Kf8 28. Rd2 Ke7 29. h4 gxf4 30. gxf4 Ke6 31. Nc4 Rf8 32. Re2+ Kd7 33.
Rg2 Nd5 34. Ne5+ Ke6 35. Nd3 Kf5 36. Re2 Rg8 37. Re5+ Kf6 38. Nc5 Rg1 39. Ne4+
Kf7 40. Ng3 Rd1 41. c4 Nf6 42. Re2 Rd3+ 43. Re3 Rd2 44. Rb3 b6 45. Nf5 h5 46.
Ne3 c5 47. Nd5 Nxd5 48. cxd5 Rxd5 49. Ke4 1/2-1/2

[Event "SC Steinfurt 1 - SK Münster 3"]
[Site "Regionalliga 2015/2016"]
[Date "2015.11.14"]
[Round "3.2"]
[White "Haselhorst, Helmut"]
[Black "Quante, Lennart"]
[Result "1-0"]
[WhiteElo "2116"]
[BlackElo "2012"]
[PlyCount "95"]
[EventDate "2015.??.??"]
[SourceDate "2015.09.11"]

1. e4 e5 2. Nf3 Nc6 3. Bc4 Bc5 4. c3 Nf6 5. d3 a6 6. O-O d6 7. Re1 Na5 8. b4
Nxc4 9. bxc5 Na5 10. cxd6 cxd6 11. c4 Nc6 12. Nc3 h6 13. Nd2 O-O 14. Nf1 Nh7
15. Ne3 Nd4 16. Ne2 Nxe2+ 17. Rxe2 f5 18. Nxf5 Bxf5 19. exf5 Rxf5 20. Rb2 Qh4
21. Be3 Rh5 22. h3 Rf8 23. Qg4 Nf6 24. Qxh4 Rxh4 25. Rxb7 d5 26. Rc1 Rc8 27.
cxd5 Rxc1+ 28. Bxc1 Nxd5 29. Bb2 Rb4 30. Rxb4 Nxb4 31. Bxe5 Nxa2 32. Kf1 g6 33.
Ke2 Nb4 34. Ke3 Kf7 35. Ke4 Ke6 36. f4 h5 37. g4 hxg4 38. hxg4 Nc6 39. f5+
gxf5+ 40. gxf5+ Kd7 41. Bb2 Kd6 42. Ba3+ Kd7 43. Kd5 a5 44. d4 Ne7+ 45. Ke4 Nc6
46. d5 Nd8 47. Ke5 a4 48. Kf6 1-0

[Event "SC Steinfurt 1 - SK Münster 3"]
[Site "Regionalliga 2015/2016"]
[Date "2015.11.14"]
[Round "3.3"]
[White "Van Ackeren, Franz"]
[Black "Grälken, Matthias"]
[Result "1/2-1/2"]
[WhiteElo "1995"]
[BlackElo "2018"]
[PlyCount "95"]
[EventDate "2015.??.??"]
[SourceDate "2015.09.11"]

1. Nf3 Nf6 2. d4 e6 3. e3 b6 4. c4 Bb7 5. Bd3 c5 6. O-O Be7 7. Nc3 d6 8. d5 e5
9. Nd2 O-O 10. e4 Bc8 11. f4 Ng4 12. Nf3 exf4 13. Bxf4 Bf6 14. Qd2 Re8 15. Rae1
Ne5 16. Re3 Nbd7 17. h3 Nf8 18. Re2 Nfg6 19. Nxe5 Bxe5 20. Bxe5 Nxe5 21. Ref2
Bd7 22. b3 Qe7 23. Be2 a6 24. Bh5 Rf8 25. Be2 Rab8 26. a4 Rbe8 27. Qe3 Qh4 28.
Qf4 Qxf4 29. Rxf4 Ng6 30. R4f3 Re5 31. Kh2 f6 32. Bd3 Re7 33. Rg3 Ne5 34. Be2
g6 35. Kh1 Kg7 36. a5 Rb8 37. Ra1 Bc8 38. axb6 Rxb6 39. Bd1 Kf7 40. Bc2 h5 41.
Re3 g5 42. Rf1 h4 43. Re2 Kg7 44. Ref2 Rf7 45. Ne2 Rb8 46. Kg1 Bd7 47. Ra1 Bc8
48. Raf1 1/2-1/2

[Event "SC Steinfurt 1 - SK Münster 3"]
[Site "Regionalliga 2015/2016"]
[Date "2015.11.14"]
[Round "3.4"]
[White "Yust, Evgeniy"]
[Black "Wingenfeld, Klaus"]
[Result "1-0"]
[WhiteElo "1924"]
[BlackElo "1928"]
[PlyCount "89"]
[EventDate "2015.??.??"]
[SourceDate "2015.09.11"]

1. e4 c5 2. Nc3 Nc6 3. g3 g6 4. Bg2 Bg7 5. d3 d6 6. f4 e6 7. Nf3 Nge7 8. O-O
O-O 9. Be3 Rb8 10. Rb1 b6 11. h3 d5 12. Bf2 d4 13. Ne2 e5 14. Nh4 f6 15. f5
gxf5 16. Nxf5 Nxf5 17. exf5 Ne7 18. g4 Bb7 19. Ng3 Bxg2 20. Kxg2 Nd5 21. Ne4
Bh6 22. c4 dxc3 23. bxc3 Nf4+ 24. Kh2 Qxd3 25. Qxd3 Nxd3 26. Bh4 Bg7 27. Rbd1
Rbd8 28. Rf3 c4 29. g5 Kf7 30. gxf6 Bh6 31. Bg5 Nc5 32. Re1 Nxe4 33. Bxh6 Rd2+
34. Bxd2 Nxd2 35. Rf2 Rd8 36. Rxe5 Kxf6 37. Re6+ Kf7 38. Ree2 Nb1 39. f6 Rd7
40. Re3 Kf8 41. h4 Na3 42. Rg3 b5 43. Rfg2 a5 44. Rg8+ Kf7 45. R8g7+ 1-0

[Event "SC Steinfurt 1 - SK Münster 3"]
[Site "Regionalliga 2015/2016"]
[Date "2015.11.14"]
[Round "3.5"]
[White "Baumann, Stephan"]
[Black "Janning, Rainer"]
[Result "1-0"]
[WhiteElo "1988"]
[BlackElo "1849"]
[PlyCount "73"]
[EventDate "2015.??.??"]
[SourceDate "2015.09.11"]

1. e4 c6 2. Ne2 d5 3. e5 Bf5 4. Ng3 Bg6 5. h4 h6 6. h5 Bh7 7. e6 fxe6 8. d4 Qd6
9. f4 Nd7 10. Bd3 O-O-O 11. Bxh7 Rxh7 12. Qd3 Ngf6 13. O-O Ne4 14. c3 Nxg3 15.
Qxg3 Nf6 16. Qh3 Rh8 17. Nd2 Rg8 18. Nf3 g6 19. Ne5 Nxh5 20. Nf7 Qd7 21. Nxd8
Kxd8 22. Re1 Nf6 23. Rxe6 g5 24. f5 Ne4 25. Be3 Qc7 26. c4 Nf6 27. cxd5 Nxd5
28. Qh2 Qxh2+ 29. Kxh2 Bg7 30. Rd1 Bf6 31. Bf2 g4 32. Be3 h5 33. Bc1 g3+ 34.
Kg1 Rg4 35. Kf1 h4 36. Ke2 Rxd4 37. Rxf6 1-0

[Event "SC Steinfurt 1 - SK Münster 3"]
[Site "Regionalliga 2015/2016"]
[Date "2015.11.14"]
[Round "3.6"]
[White "Schlitter, Klaus"]
[Black "Ollech, Dirk"]
[Result "0-1"]
[WhiteElo "1877"]
[BlackElo "1925"]
[PlyCount "80"]
[EventDate "2015.??.??"]
[SourceDate "2015.09.11"]

1. d4 Nf6 2. c4 c5 3. d5 e6 4. Nc3 exd5 5. cxd5 d6 6. e4 g6 7. Nf3 Bg7 8. Bg5
O-O 9. Nd2 a6 10. a4 Re8 11. Be2 Qc7 12. Qc2 Nbd7 13. O-O Ne5 14. f3 h6 15. Bh4
g5 16. Bf2 b6 17. Nc4 Nfd7 18. Rab1 Rb8 19. Rfc1 Nxc4 20. Bxc4 Ne5 21. Bf1 c4
22. b3 cxb3 23. Qxb3 Qe7 24. Bxb6 Nd7 25. a5 Bd4+ 26. Kh1 Nxb6 27. axb6 Rxb6
28. Qc4 Rxb1 29. Rxb1 Qa7 30. Na2 Be5 31. Nb4 Qf2 32. Nc6 Bf4 33. Ne7+ Rxe7 34.
Qxc8+ Kg7 35. Qxa6 Qh4 36. h3 Qg3 37. Kg1 Be3+ 38. Kh1 Qf2 39. Bd3 Ra7 40. Qc4
Ra2 0-1

[Event "SC Steinfurt 1 - SK Münster 3"]
[Site "Regionalliga 2015/2016"]
[Date "2015.11.14"]
[Round "3.7"]
[White "Meyer, Ulrich"]
[Black "Raue, Thorsten"]
[Result "1/2-1/2"]
[WhiteElo "1908"]
[BlackElo "1786"]
[PlyCount "70"]
[EventDate "2015.??.??"]
[SourceDate "2015.09.11"]

1. d4 Nf6 2. Bg5 Ne4 3. h4 c5 4. d5 Qa5+ 5. c3 d6 6. Nd2 Nxd2 7. Qxd2 e5 8. e4
b5 9. Bd3 c4 10. Bc2 Nd7 11. Be3 Be7 12. Ne2 Bd8 13. Ng3 Nf6 14. f3 Bd7 15. Ne2
Rb8 16. a3 Bb6 17. O-O Bxe3+ 18. Qxe3 Qb6 19. Qxb6 Rxb6 20. g4 Ke7 21. Ng3 Rhb8
22. g5 Ne8 23. f4 a5 24. fxe5 dxe5 25. Rf2 Nd6 26. Bd1 b4 27. axb4 axb4 28. Ra7
R8b7 29. Rxb7 Rxb7 30. cxb4 Rxb4 31. Kf1 Rb7 32. Rd2 Ra7 33. Kf2 Ra2 34. Ke1
Ra1 35. Kf2 Ra2 1/2-1/2

[Event "SC Steinfurt 1 - SK Münster 3"]
[Site "Regionalliga 2015/2016"]
[Date "2015.11.14"]
[Round "3.8"]
[White "Schulz, Joachim"]
[Black "Freise, Eckhard"]
[Result "1-0"]
[WhiteElo "1927"]
[BlackElo "1816"]
[PlyCount "113"]
[EventDate "2015.??.??"]
[SourceDate "2015.09.11"]

1. d4 g6 2. c4 f5 3. Nc3 Nf6 4. g3 Bg7 5. Bg2 a5 6. Nf3 d6 7. O-O O-O 8. Qc2
Na6 9. a3 Qe8 10. Rb1 e5 11. e3 e4 12. Nd2 g5 13. f3 exf3 14. Nxf3 Ng4 15. Qd3
Qh5 16. Nd5 Re8 17. b4 axb4 18. axb4 c6 19. Nb6 Rb8 20. Nxc8 Rbxc8 21. Qxf5 Rc7
22. b5 Nb8 23. bxc6 bxc6 24. Qxg5 Qxg5 25. Nxg5 h6 26. Ne4 Nd7 27. Nxd6 Ra8 28.
Rb7 Rxb7 29. Nxb7 Ra6 30. h3 Ngf6 31. e4 Nh5 32. Kh2 Bxd4 33. Bxh6 c5 34. Bg5
Ne5 35. g4 Ng7 36. Be7 Ne6 37. Nd6 Ra2 38. Bf6 Ra6 39. Nf5 Nc6 40. Nxd4 cxd4
41. e5 d3 42. Bd5 Ncd4 43. Rb1 Ra2+ 44. Kg3 d2 45. g5 Rb2 46. Rd1 Kf8 47. g6
Nf5+ 48. Kf2 Nf4 49. g7+ Nxg7 50. Ke3 Ngh5 51. Rxd2 Rb3+ 52. Ke4 Rxh3 53. Ra2
Nxf6+ 54. Kxf4 Nd7 55. Ra8+ Ke7 56. Ra7 Kd8 57. Be6 1-0

[Event "SG Turm Raesfeld/Erle 1 - SK Münster 2"]
[Site "Regionalliga 2015/2016"]
[Date "2015.11.14"]
[Round "3.1"]
[White "Holtel, Jasper"]
[Black "Wilger, Frank"]
[Result "1-0"]
[WhiteElo "2267"]
[BlackElo "2097"]
[PlyCount "83"]
[EventDate "2015.??.??"]
[SourceDate "2015.09.11"]

1. e4 c5 2. d4 cxd4 3. c3 Nf6 4. e5 Nd5 5. Nf3 d6 6. exd6 e6 7. Nxd4 Bxd6 8. g3
Nc6 9. Bg2 Nxd4 10. Qxd4 O-O 11. O-O Qb6 12. Qxb6 Nxb6 13. Rd1 Bc7 14. Na3 a6
15. c4 Na4 16. Re1 Rb8 17. b3 Nc5 18. Be3 b6 19. Rad1 e5 20. Nc2 Bg4 21. Rd2
Rfd8 22. Bd5 Kf8 23. Nb4 Rd6 24. Nc6 Re8 25. Bxc5 bxc5 26. Rxe5 Rxe5 27. Nxe5
Ba5 28. Rd3 Bh5 29. Bb7 Rxd3 30. Nxd3 Bb6 31. Bxa6 Be2 32. Nb2 Ke7 33. Na4 Ba7
34. f4 Bd3 35. Kf2 Kd6 36. Bb7 Bf5 37. Ke3 Bd7 38. Nc3 f5 39. Bc8 Bxc8 40. Nb5+
Ke6 41. Nxa7 Bb7 42. Nb5 1-0

[Event "SG Turm Raesfeld/Erle 1 - SK Münster 2"]
[Site "Regionalliga 2015/2016"]
[Date "2015.11.14"]
[Round "3.2"]
[White "Greifenberg, Daniel"]
[Black "Kammers, Heribert"]
[Result "1-0"]
[WhiteElo "2017"]
[BlackElo "2043"]
[PlyCount "133"]
[EventDate "2015.??.??"]
[SourceDate "2015.09.11"]

1. d4 d5 2. c4 e6 3. Nc3 c5 4. cxd5 exd5 5. Nf3 Nc6 6. g3 Nf6 7. Bg2 Be7 8. O-O
O-O 9. b3 Be6 10. Bb2 Rc8 11. Rc1 b6 12. Qd3 c4 13. Qb1 cxb3 14. axb3 Qd7 15.
Rfd1 Bf5 16. Qa1 Nb4 17. Ne5 Qe6 18. Qa4 a5 19. Bf3 h5 20. e3 Ng4 21. Nxd5 Nxd5
22. e4 Nxe5 23. dxe5 Nb4 24. Rxc8 Rxc8 25. exf5 Qxf5 26. Qd7 Qxd7 27. Rxd7 Rc2
28. Bd4 Rc1+ 29. Kg2 Bc5 30. Bxh5 Bxd4 31. Rd8+ Kh7 32. Rxd4 g6 33. Bf3 Rb1 34.
Rd6 Rb2 35. Be4 Rxb3 36. Rxb6 Rb2 37. e6 fxe6 38. Rxe6 a4 39. Rxg6 Kh8 40. Rd6
a3 41. g4 a2 42. Rd1 Re2 43. Kf3 Rd2 44. Ra1 Rb2 45. h4 Rb3+ 46. Kf4 Ra3 47. f3
Ra5 48. Ke3 Na6 49. Kd4 Ra3 50. Kc4 Nc7 51. Kb4 Ra7 52. Kb3 Nb5 53. Rxa2 Nd4+
54. Kb2 Rf7 55. Ra3 Nb5 56. Rb3 Nd6 57. Rb8+ Kg7 58. Bd5 Re7 59. Kc3 Re1 60.
Kd4 Kf6 61. Rf8+ Ke7 62. Rf4 Nb5+ 63. Kc5 Nc3 64. Rf7+ Ke8 65. Rf5 Rh1 66. h5
Nd1 67. Kd6 1-0

[Event "SG Turm Raesfeld/Erle 1 - SK Münster 2"]
[Site "Regionalliga 2015/2016"]
[Date "2015.11.14"]
[Round "3.3"]
[White "Müschenich, Stefan"]
[Black "Gesing, Felix"]
[Result "1/2-1/2"]
[WhiteElo "2082"]
[BlackElo "1964"]
[PlyCount "63"]
[EventDate "2015.??.??"]
[SourceDate "2015.09.11"]

1. e4 d6 2. d4 Nf6 3. Nc3 g6 4. Nf3 Bg7 5. h3 O-O 6. Be3 Nbd7 7. Bc4 e5 8. dxe5
dxe5 9. O-O c6 10. a4 Qc7 11. Qe2 Nh5 12. Rfd1 Nf4 13. Qd2 Nb6 14. Bb3 Be6 15.
a5 Nc4 16. Bxc4 Bxc4 17. Qd7 Rfc8 18. Bc5 f6 19. Rd2 Ne6 20. Be3 Nd4 21. Qxc7
Nxf3+ 22. gxf3 Rxc7 23. Rad1 Be6 24. h4 Kf7 25. Na4 Bf8 26. Bc5 Bxc5 27. Nxc5
Ke7 28. Kh2 b6 29. Nxe6 Kxe6 30. axb6 axb6 31. Kg3 Raa7 32. f4 1/2-1/2

[Event "SG Turm Raesfeld/Erle 1 - SK Münster 2"]
[Site "Regionalliga 2015/2016"]
[Date "2015.11.14"]
[Round "3.4"]
[White "Brömmel, Rudolf"]
[Black "Virnyi, Julius"]
[Result "1/2-1/2"]
[WhiteElo "1912"]
[BlackElo "2087"]
[PlyCount "41"]
[EventDate "2015.??.??"]
[SourceDate "2015.09.11"]

1. d4 Nf6 2. Bg5 e6 3. e4 c5 4. e5 h6 5. Be3 Nd5 6. Nc3 Nxe3 7. fxe3 Nc6 8. Nf3
cxd4 9. exd4 d6 10. exd6 Bxd6 11. Ne4 Be7 12. c3 O-O 13. Bd3 b6 14. Qe2 Bb7 15.
O-O Qc7 16. Nf2 Rfd8 17. Rae1 Bd6 18. Ne4 Be7 19. Nf2 Bd6 20. Ne4 Be7 21. Nf2
1/2-1/2

[Event "SG Turm Raesfeld/Erle 1 - SK Münster 2"]
[Site "Regionalliga 2015/2016"]
[Date "2015.11.14"]
[Round "3.5"]
[White "Borrink, Jörn"]
[Black "Pliete, Christian"]
[Result "1-0"]
[WhiteElo "2086"]
[BlackElo "1826"]
[PlyCount "95"]
[EventDate "2015.??.??"]
[SourceDate "2015.09.11"]

1. e4 e5 2. Nf3 Nc6 3. Bc4 Bc5 4. c3 Nf6 5. d3 d6 6. h3 h6 7. O-O O-O 8. b4 Bb6
9. Nbd2 Ne7 10. Re1 Ng6 11. Nf1 Be6 12. Ng3 Qd7 13. Bxe6 fxe6 14. Be3 Bxe3 15.
fxe3 Rf7 16. h4 Qc6 17. h5 Nf8 18. Qb3 Kh7 19. Nh4 Re7 20. a4 Qe8 21. Qd1 Qc6
22. Qc2 Qe8 23. Qe2 Qc6 24. c4 a5 25. b5 Qe8 26. Rf1 b6 27. Rf2 Rd8 28. Raf1
Rf7 29. d4 exd4 30. exd4 e5 31. d5 Rdd7 32. Ngf5 Qd8 33. g3 Ng8 34. Rh2 Qg5 35.
Nf3 Qf6 36. Kg2 Ne7 37. Ne3 Ng8 38. Rf2 Rd8 39. Kf1 Nd7 40. Nh4 Qe7 41. Rxf7
Qxf7+ 42. Rf2 Qe7 43. Rf5 Ngf6 44. Ng4 Nxg4 45. Qxg4 Rf8 46. Ng6 Rxf5+ 47. Qxf5
Qf6 48. Nf8+ 1-0

[Event "SG Turm Raesfeld/Erle 1 - SK Münster 2"]
[Site "Regionalliga 2015/2016"]
[Date "2015.11.14"]
[Round "3.6"]
[White "Borutta, Niklas"]
[Black "Kubo, Thomas"]
[Result "1/2-1/2"]
[WhiteElo "2048"]
[BlackElo "2028"]
[PlyCount "71"]
[EventDate "2015.??.??"]
[SourceDate "2015.09.11"]

1. d4 e6 2. Nf3 f5 3. c4 d5 4. Nc3 Nf6 5. Bf4 c6 6. e3 Be7 7. Bd3 O-O 8. O-O
Qe8 9. Ne5 Nbd7 10. f3 Nxe5 11. Bxe5 Bd7 12. e4 dxc4 13. Bxc4 b5 14. Bd3 fxe4
15. fxe4 c5 16. Qe2 cxd4 17. Nxb5 Bxb5 18. Bxb5 Qg6 19. Bxd4 Rfd8 20. Bf2 Ng4
21. Bg3 Bc5+ 22. Kh1 Rd4 23. Bd3 Rad8 24. Rad1 Qg5 25. Bf4 Qg6 26. h3 Nf6 27.
Bc2 Nh5 28. Be5 Qg5 29. Rxd4 Rxd4 30. Qf3 h6 31. Bxd4 Ng3+ 32. Kh2 Nxf1+ 33.
Qxf1 Bxd4 34. Bb3 Qe5+ 35. g3 Qxe4 36. Qg2 1/2-1/2

[Event "SG Turm Raesfeld/Erle 1 - SK Münster 2"]
[Site "Regionalliga 2015/2016"]
[Date "2015.11.14"]
[Round "3.7"]
[White "Emunds, Hans Georg"]
[Black "Bergemann, Martin"]
[Result "1/2-1/2"]
[WhiteElo "2155"]
[BlackElo "1897"]
[PlyCount "205"]
[EventDate "2015.??.??"]
[SourceDate "2015.09.11"]

1. e4 c5 2. b3 b6 3. Bb2 Bb7 4. Nc3 Nc6 5. Nf3 e6 6. g3 Nge7 7. Bg2 Nd4 8. Nxd4
cxd4 9. Nb5 Nc6 10. Nxd4 Qf6 11. c3 Bc5 12. Nf3 Ba6 13. d4 Bf8 14. Qd2 Qg6 15.
Ne5 Nxe5 16. dxe5 Bb7 17. O-O-O O-O-O 18. Qe2 Be7 19. c4 f6 20. Rhe1 Bb4 21.
Rf1 fxe5 22. Bxe5 Ba3+ 23. Kb1 d6 24. Bc3 d5 25. cxd5 exd5 26. Qc2 Kb8 27. Be5+
Ka8 28. exd5 Qf7 29. Qe4 Rhe8 30. f4 Qh5 31. Rd3 Bd6 32. Re1 Bc8 33. Qd4 Qxh2
34. Be4 Ba6 35. Rc3 Bb7 36. Rd3 Bc5 37. Qb2 Qh5 38. Qg2 Bd6 39. Qf3 Qf7 40. Bc3
Re7 41. Be5 g6 42. Rdd1 Red7 43. Bc3 Rc7 44. Bb2 Rdc8 45. Rc1 Re8 46. Rxc7 Qxc7
47. Re2 Qf7 48. Be5 Qe7 49. Bd3 Rd8 50. Bb2 Qf7 51. Be4 Bb4 52. a3 Bd6 53. Ka2
Rd7 54. Rd2 Qe7 55. Qg2 Qe8 56. Re2 Qf7 57. Rd2 Qe8 58. Bd3 Re7 59. Re2 Qf7 60.
Rxe7 Qxe7 61. Bb5 Kb8 62. Bc6 Bc8 63. Qf3 h5 64. Qc3 h4 65. gxh4 Qxh4 66. Qg7
Qxf4 67. Qxg6 Qf8 68. Qe4 Bf5 69. Qe2 Qc8 70. a4 Bg6 71. a5 Qf5 72. Qd1 bxa5
73. Bc3 Bb4 74. Bd4 Kc7 75. Qc1 Qc2+ 76. Qxc2 Bxc2 77. Bxa7 Bf5 78. Bd4 Bd6 79.
Kb2 Bg3 80. Kc3 Bh3 81. Bg7 Bf1 82. Kd4 Bf2+ 83. Ke5 Be1 84. Ke6 Bh3+ 85. Ke7
Bb4+ 86. Ke8 Bf5 87. Kf7 Bd6 88. Bc3 Kb6 89. Bd4+ Kc7 90. Kf6 Bc2 91. Ba4 Bd1
92. Bc3 Kb6 93. Bd4+ Kc7 94. Be5 Bf3 95. Bc3 Kb6 96. Ke6 Kc5 97. Bxa5 Bxd5+ 98.
Kd7 Bxb3 99. Bxb3 Bg3 100. Bc3 Bf2 101. Ke6 Be3 102. Ba2 Bg1 103. Bd5 1/2-1/2

[Event "SG Turm Raesfeld/Erle 1 - SK Münster 2"]
[Site "Regionalliga 2015/2016"]
[Date "2015.11.14"]
[Round "3.8"]
[White "Suer, Julian"]
[Black "Jansen, Dirk"]
[Result "0-1"]
[WhiteElo "1739"]
[BlackElo "1924"]
[PlyCount "68"]
[EventDate "2015.??.??"]
[SourceDate "2015.09.11"]

1. e4 e6 2. Nf3 d5 3. e5 c5 4. b4 c4 5. c3 a5 6. bxa5 Qxa5 7. Be2 Bd7 8. O-O
Ba4 9. Qe1 Nd7 10. d4 cxd3 11. Bxd3 Nc5 12. Be2 Ne7 13. Bd2 Qc7 14. Na3 Nc6 15.
Nb5 Bxb5 16. Bxb5 Be7 17. h4 O-O 18. h5 Ne4 19. Bxc6 bxc6 20. h6 g6 21. Bf4 Ra4
22. g3 Rfa8 23. Qe3 Ra3 24. Rac1 Rxa2 25. Nd4 g5 26. Kh1 gxf4 27. gxf4 Kh8 28.
Qh3 Rg8 29. Rc2 Raa8 30. Ne2 Rg6 31. f3 Bf8 32. fxe4 Rxh6 33. Qxh6 Bxh6 34.
exd5 cxd5 0-1

[Event "SC Klein-Berlin Rheine 1 - SK Dülmen 1"]
[Site "Regionalliga 2015/2016"]
[Date "2015.11.14"]
[Round "3.1"]
[White "Eiersbrock, Robin"]
[Black "Ottens, Stephan"]
[Result "0-1"]
[WhiteElo "2002"]
[BlackElo "2084"]
[PlyCount "86"]
[EventDate "2015.??.??"]
[SourceDate "2015.09.11"]

1. d4 Nf6 2. c4 g6 3. Nc3 d5 4. cxd5 Nxd5 5. e4 Nxc3 6. bxc3 c5 7. Bc4 Bg7 8.
Ne2 Nc6 9. Be3 O-O 10. O-O Qa5 11. Rc1 e6 12. f4 Rd8 13. Kh1 b5 14. Bb3 c4 15.
Bc2 f5 16. Qe1 Qxa2 17. Qh4 Qa5 18. Rf3 Qc7 19. Rh3 h6 20. Rg1 Qe7 21. Qf2 Qf7
22. g4 Ne7 23. d5 fxe4 24. dxe6 Bxe6 25. f5 gxf5 26. Bxh6 fxg4 27. Qh4 Nf5 28.
Qxg4 Nxh6 29. Qg5 Bxh3 30. Nf4 Bg4 31. Bxe4 Rab8 32. h3 Qf6 33. Qxf6 Bxf6 34.
hxg4 Nf7 35. g5 Nxg5 36. Ne6 Kf7 37. Nxg5+ Bxg5 38. Rxg5 Rh8+ 39. Kg2 Rbg8 40.
Bd5+ Kf8 41. Bxg8 Rxg8 42. Rxg8+ Kxg8 43. Kf3 Kf7 0-1

[Event "SC Klein-Berlin Rheine 1 - SK Dülmen 1"]
[Site "Regionalliga 2015/2016"]
[Date "2015.11.14"]
[Round "3.2"]
[White "Brümmer, Frank"]
[Black "Wewers, Reinhard"]
[Result "1/2-1/2"]
[WhiteElo "2177"]
[BlackElo "1990"]
[PlyCount "85"]
[EventDate "2015.??.??"]
[SourceDate "2015.09.11"]

1. d4 Nf6 2. Nf3 c5 3. d5 g6 4. Nc3 Bg7 5. Bf4 d6 6. Qd2 b5 7. Bh6 Bxh6 8. Qxh6
Qa5 9. Qd2 b4 10. Nd1 Ne4 11. Qf4 b3+ 12. c3 Nf6 13. e4 Qa4 14. c4 bxa2 15. Nc3
Qc2 16. Qd2 Qxd2+ 17. Nxd2 Na6 18. Nxa2 Rb8 19. b3 Rb7 20. Be2 h5 21. O-O h4
22. Rfe1 Nh5 23. Bf1 f6 24. Re3 Rg8 25. g3 g5 26. Nb1 Nf4 27. Na3 Nc7 28. Nb5
Nxb5 29. cxb5 Bd7 30. Nc3 Ng6 31. Ra5 Ne5 32. f3 hxg3 33. hxg3 g4 34. f4 Nf3+
35. Kf2 Nd4 36. Bc4 Rh8 37. Kg2 Nf3 38. Be2 Rh2+ 39. Kf1 Nd4 40. Kg1 Rh7 41.
Bd1 Kf7 42. f5 Bxb5 43. Nxb5 1/2-1/2

[Event "SC Klein-Berlin Rheine 1 - SK Dülmen 1"]
[Site "Regionalliga 2015/2016"]
[Date "2015.11.14"]
[Round "3.3"]
[White "Grund, Wolfgang"]
[Black "Langhans, Jörg"]
[Result "1-0"]
[WhiteElo "1856"]
[BlackElo "1937"]
[PlyCount "93"]
[EventDate "2015.??.??"]
[SourceDate "2015.09.11"]

1. e4 e5 2. f4 exf4 3. Nf3 d5 4. exd5 Nf6 5. Nc3 Nxd5 6. Be2 Nxc3 7. bxc3 Bd6
8. O-O O-O 9. d4 Nc6 10. Bd3 Ne7 11. Rb1 h6 12. c4 c6 13. c3 Rb8 14. Qc2 Be6
15. Bd2 Qd7 16. Rbe1 Nf5 17. Ne5 Bxe5 18. Rxe5 Nxd4 19. Qb1 f6 20. Ree1 Nf5 21.
Rxe6 Qxe6 22. Bxf5 Qxc4 23. Bxf4 Rbd8 24. Bc2 Qc5+ 25. Kh1 Qxc3 26. h3 Kh8 27.
Rf3 Qc4 28. Bb3 Qc5 29. Qg6 f5 30. Bxh6 Qe7 31. Bg5 Qe8 32. Qxe8 Rdxe8 33. Rd3
Re1+ 34. Kh2 f4 35. Rd4 c5 36. Rd5 g6 37. Rd7 b5 38. Bh6 Rg8 39. Bg5 Rf8 40.
Bh6 Rg8 41. Bxg8 Kxg8 42. Rxa7 Re4 43. Rg7+ Kh8 44. Rxg6 f3 45. gxf3 Ra4 46.
Rg2 b4 47. Rc2 1-0

[Event "SC Klein-Berlin Rheine 1 - SK Dülmen 1"]
[Site "Regionalliga 2015/2016"]
[Date "2015.11.14"]
[Round "3.4"]
[White "Brümmer, Andreas"]
[Black "Stegemann, Norbert"]
[Result "1-0"]
[WhiteElo "1921"]
[BlackElo "1972"]
[PlyCount "67"]
[EventDate "2015.??.??"]
[SourceDate "2015.09.11"]

1. d4 Nf6 2. Bg5 Ne4 3. Bf4 d5 4. e3 e6 5. Bd3 Nf6 6. Nf3 Be7 7. Nbd2 b6 8. Qe2
Bb7 9. h3 Nbd7 10. O-O O-O 11. e4 dxe4 12. Nxe4 Nxe4 13. Bxe4 Bxe4 14. Qxe4 c5
15. Rad1 Nf6 16. Qe2 cxd4 17. Rxd4 Qe8 18. Rfd1 Bc5 19. R4d2 Qa4 20. c4 Bb4 21.
b3 Qa5 22. Rd3 Qf5 23. Bd6 Bxd6 24. Rxd6 Ne4 25. R6d3 Nf6 26. Ne5 g6 27. Rd4
Kg7 28. g4 Qg5 29. f4 Qh4 30. Qg2 Ng8 31. g5 Ne7 32. f5 Nxf5 33. Rxh4 Nxh4 34.
Qb2 1-0

[Event "SC Klein-Berlin Rheine 1 - SK Dülmen 1"]
[Site "Regionalliga 2015/2016"]
[Date "2015.11.14"]
[Round "3.5"]
[White "Rebber, Christian"]
[Black "Averkamp-Peters, Jens"]
[Result "0-1"]
[WhiteElo "1876"]
[BlackElo "1935"]
[PlyCount "70"]
[EventDate "2015.??.??"]
[SourceDate "2015.09.11"]

1. e4 c5 2. Nc3 Nc6 3. f4 e6 4. Nf3 d5 5. e5 d4 6. Ne4 f5 7. Nf2 Qa5 8. Bc4 b5
9. Be2 Nge7 10. O-O Nd5 11. g3 Be7 12. c4 bxc4 13. Bxc4 Nb6 14. Be2 Ba6 15.
Bxa6 Qxa6 16. d3 O-O 17. Bd2 Nd5 18. Re1 Rab8 19. b3 Ncb4 20. Bxb4 Nxb4 21. a3
Nd5 22. b4 Qb7 23. Nd2 Ne3 24. Qf3 Nc2 25. bxc5 Nxe1 26. Rxe1 Qxf3 27. Nxf3
Bxc5 28. a4 h6 29. Rc1 Rfc8 30. Rc4 Bb6 31. Rb4 a5 32. Rb5 Rc1+ 33. Kg2 Ra1 34.
h3 Rxa4 35. g4 Rb4 0-1

[Event "SC Klein-Berlin Rheine 1 - SK Dülmen 1"]
[Site "Regionalliga 2015/2016"]
[Date "2015.11.14"]
[Round "3.6"]
[White "Kornick, Ulrich"]
[Black "Lödding, Detlef"]
[Result "0-1"]
[WhiteElo "1930"]
[BlackElo "1877"]
[PlyCount "47"]
[EventDate "2015.??.??"]
[SourceDate "2015.09.11"]

1. d4 Nf6 2. Nf3 b6 3. Bg5 Ne4 4. Bf4 e6 5. Nbd2 Bb7 6. Nxe4 Bxe4 7. Nd2 Bb7 8.
e4 c5 9. c3 d5 10. Bb5+ Nd7 11. Qe2 Be7 12. Bd3 cxd4 13. cxd4 dxe4 14. Nxe4
Bb4+ 15. Kf1 O-O 16. Ng5 g6 17. h4 Qf6 18. Be5 Nxe5 19. dxe5 Qf4 20. Nxh7 Kxh7
21. h5 Kg7 22. hxg6 fxg6 23. Rh7+ Kxh7 24. g3 0-1

[Event "SC Klein-Berlin Rheine 1 - SK Dülmen 1"]
[Site "Regionalliga 2015/2016"]
[Date "2015.11.14"]
[Round "3.7"]
[White "Kötting, Hans-Erich"]
[Black "Hemmert, Michael"]
[Result "0-1"]
[WhiteElo "1854"]
[BlackElo "1856"]
[PlyCount "100"]
[EventDate "2015.??.??"]
[SourceDate "2015.09.11"]

1. e4 g6 2. d4 Bg7 3. Nc3 d6 4. f4 Nf6 5. Be2 O-O 6. Be3 c6 7. g4 e5 8. g5 exf4
9. Bxf4 Ne8 10. Qd2 b5 11. Bf3 Qe7 12. O-O-O Bb7 13. h4 b4 14. Nce2 f5 15. exf5
Rxf5 16. Ng3 Ra5 17. Kb1 Qf7 18. b3 Na6 19. h5 c5 20. hxg6 hxg6 21. Bxb7 Qxb7
22. Qh2 Qf7 23. Ne4 cxd4 24. Nxd6 Qe6 25. Rf1 d3 26. Be5 dxc2+ 27. Kc1 Nf6 28.
Bxf6 Qe3+ 29. Qd2 Qxd2+ 30. Kxd2 Rd5+ 31. Kxc2 Rxd6 32. Rh4 Rc8+ 33. Rc4 Rxc4+
34. bxc4 Bxf6 35. gxf6 Kf7 36. Nf3 Kxf6 37. Nd4+ Kg7 38. Nb5 Rd7 39. Kb3 g5 40.
Rf5 Kg6 41. Re5 Kf6 42. Re8 g4 43. Rc8 g3 44. Rc6+ Kg5 45. Nd6 Kf4 46. Ne8 g2
47. Rg6 Rd3+ 48. Ka4 Rg3 49. Rf6+ Ke3 50. Rxa6 g1=Q 0-1

[Event "SC Klein-Berlin Rheine 1 - SK Dülmen 1"]
[Site "Regionalliga 2015/2016"]
[Date "2015.11.14"]
[Round "3.8"]
[White "Ratert, Matthias"]
[Black "Schlütermann, Philipp"]
[Result "0-1"]
[WhiteElo "1826"]
[BlackElo "1756"]
[PlyCount "64"]
[EventDate "2015.??.??"]
[SourceDate "2015.09.11"]

1. e4 d6 2. d4 Nf6 3. Bd3 c6 4. Ne2 e5 5. O-O Be7 6. c3 Nbd7 7. h3 a5 8. a4 O-O
9. Nd2 Re8 10. Nf3 Qc7 11. Bg5 h6 12. Be3 Nf8 13. c4 Ng6 14. Rc1 Bf8 15. d5 c5
16. Kh2 Qd8 17. Rc3 Nh5 18. Qd2 Qf6 19. Nfg1 Ngf4 20. g3 g5 21. Qd1 Nxd3 22.
Rxd3 Qg6 23. g4 Nf4 24. Bxf4 exf4 25. f3 Bg7 26. Rd2 Be5 27. Nc3 Kg7 28. Rg2
Rh8 29. Nge2 h5 30. Kg1 hxg4 31. hxg4 Qh6 32. Nc1 Bd4+ 0-1